| 000 | 02656cam a22004338a 4500 | ||
|---|---|---|---|
| 090 | _c0 | ||
| 001 | 14819742 | ||
| 005 | 20070723114109.0 | ||
| 008 | 070423s2007 enk b 001 0 eng | ||
| 010 | _a 2007016951 | ||
| 020 | _a9780415774048 (hardback) | ||
| 020 | _a0415774047 (hardback) | ||
| 020 | _a9780415774055 (pbk.) | ||
| 020 | _a0415774055 (pbk.) | ||
| 020 | _a9780203946039 (ebook) | ||
| 020 | _a0203946030 (ebook) | ||
| 040 |
_aDLC _cDLC _dDLC |
||
| 050 | 0 | 0 |
_aJZ1318 _b.D432 2007 |
| 082 | 0 | 0 |
_a382.92 _222 _bDEE |
| 100 | 1 | _aDeese, David A. | |
| 245 | 1 | 0 |
_aWorld Trade Politics : _bPower, Principles and Leadership / _cDavid A. Deese. |
| 260 |
_aLondon : _bRoutledge, _cc2008. |
||
| 263 | _a0712 | ||
| 300 |
_axiv, 224 p. : _c24 cm. |
||
| 500 | _a"Simultaneously published in the USA and Canada by Routledge." | ||
| 504 | _aIncludes bibliographical references and index. | ||
| 505 | 0 | _aPrinciples, power, and leadership : why study international political leadership and the global trade regime -- What is political leadership in international relations? How can it be studied in institutionalized negotiations? -- The founding: World War II to the turbulent 1970s : early GATT rounds and the ITO collapse: contrasting the Dillon and Kennedy rounds -- The Tokyo round launch: 1973, GATT, 1975, 1995: from endangered species to unprecedented authority -- The glass is one half empty: non-GATT governed trade policy and protection of 1970s-1980s -- Closing the Tokyo round -- More than anyone expected, a new WTO -- Foundations for the future: can the WTO become relevant to development and its least developed members? -- The "tear gas" ministerial: why Seattle failed in 1999 -- Doha, 2001, and the new "development round" -- The meaning of collapse at Cancun, Mexico, 2003 -- Why international institutions fail and succeed -- Insights for WTO reform -- How, when, and why international institutions work best. | |
| 610 | 2 | 0 | _aWorld Trade Organization. |
| 610 | 2 | 0 | _aGeneral Agreement on Tariffs and Trade (Organization) |
| 650 | 0 | _aInternational relations. | |
| 650 | 0 | _aInternational trade. | |
| 650 | 0 | _aInternational economic relations. | |
| 650 | 0 | _aPolitical leadership. | |
| 856 | 4 | 1 |
_3Table of contents only _uhttp://www.loc.gov/catdir/toc/ecip0716/2007016951.html |
| 856 | 4 | 2 |
_3Publisher description _uhttp://www.loc.gov/catdir/enhancements/fy0731/2007016951-d.html |
| 942 |
_2ddc _cBB |
||
| 999 |
_c10511 _d10511 |
||